Countries, U.S. States, and Capitals on an Empty Map - Statistics

General Stats
  • This quiz has been taken 887 times
  • The average score is 351 of 496
Answers on the Map
Answers color-coded by a green-red scale on the quiz's map according to % correct below.
 
Answer Stats
Answer % Correct
United States
91%
Canada
85%
Washington
85%
India
82%
California
81%
Georgia
81%
Colombia
80%
Columbia
80%
Central African Republic
79%
Hawaii
79%
Alabama
78%
Alaska
78%
Mexico
78%
Mexico City
78%
New York
78%
Oregon
78%
Ottawa
78%
Russia
78%
Afghanistan
77%
Arizona
77%
Australia
77%
Austria
77%
Bahamas
77%
Brazil
77%
Colorado
77%
France
77%
Germany
77%
Guatemala
77%
Guatemala City
77%
Italy
77%
Japan
77%
Mongolia
77%
New Mexico
77%
North Dakota
77%
Poland
77%
Algeria
76%
Argentina
76%
China
76%
Cuba
76%
Czech Republic
76%
Egypt
76%
Estonia
76%
Indonesia
76%
Iran
76%
Iraq
76%
Ireland
76%
Laos
76%
Lithuania
76%
New Zealand
76%
North Macedonia
76%
Oman
76%
Panama
76%
Panama City
76%
Peru
76%
Portugal
76%
Rome
76%
South Dakota
76%
Sweden
76%
Switzerland
76%
Yemen
76%
Andorra
75%
Angola
75%
Azerbaijan
75%
Bangladesh
75%
Belarus
75%
Bhutan
75%
Bolivia
75%
Botswana
75%
Bulgaria
75%
Cameroon
75%
Canberra
75%
Chad
75%
Chile
75%
Croatia
75%
Denmark
75%
Dominican Republic
75%
D. R Congo
75%
Ecuador
75%
El Salvador
75%
Ethiopia
75%
Finland
75%
Florida
75%
Greece
75%
Guinea
75%
Guyana
75%
Haiti
75%
Honduras
75%
Hungary
75%
Israel
75%
Jamaica
75%
Jordan
75%
Kazakhstan
75%
Kosovo
75%
Latvia
75%
Libya
75%
Liechtenstein
75%
Luxembourg
75%
Moldova
75%
Morocco
75%
Myanmar
75%
Nepal
75%
Netherlands
75%
Nevada
75%
New Jersey
75%
Nicaragua
75%
Niger
75%
Nigeria
75%
North Korea
75%
Norway
75%
Ohio
75%
Pakistan
75%
Paraguay
75%
Paris
75%
Philippines
75%
Romania
75%
Slovakia
75%
Slovenia
75%
South Africa
75%
South Korea
75%
Spain
75%
Syria
75%
Thailand
75%
Tokyo
75%
Turkey
75%
Turkmenistan
75%
Ukraine
75%
United Kingdom
75%
Uruguay
75%
Utah
75%
Venezuela
75%
Zambia
75%
Albania
74%
Armenia
74%
Beijing
74%
Belgium
74%
Berlin
74%
Bosnia and Herzegovina
74%
Burkina Faso
74%
Costa Rica
74%
Djibouti
74%
Dominica
74%
Fiji
74%
F. S. Micronesia
74%
Ghana
74%
Idaho
74%
Kiribati
74%
Kuwait
74%
Kuwait City
74%
Kyrgyzstan
74%
Liberia
74%
London
74%
Malaysia
74%
Maldives
74%
Mali
74%
Monaco
74%
Montana
74%
Montenegro
74%
Mozambique
74%
Namibia
74%
New Hampshire
74%
North Carolina
74%
Papua New Guinea
74%
Rep. of the Congo
74%
Rwanda
74%
Saudi Arabia
74%
Senegal
74%
Serbia
74%
South Carolina
74%
Sri Lanka
74%
Sudan
74%
Tajikistan
74%
Tanzania
74%
Texas
74%
Togo
74%
Uzbekistan
74%
Vatican City
74%
Vermont
74%
Wisconsin
74%
Wyoming
74%
Amsterdam
73%
Antigua and Barbuda
73%
Arkansas
73%
Bahrain
73%
Benin
73%
Brunei
73%
Burundi
73%
Cairo
73%
Dublin
73%
Eritrea
73%
Illinois
73%
Indiana
73%
Iowa
73%
Ivory Coast
73%
Jakarta
73%
Lesotho
73%
Lisbon
73%
Madagascar
73%
Madrid
73%
Maine
73%
Malawi
73%
Massachusetts
73%
Mauritania
73%
Mauritius
73%
Michigan
73%
Minnesota
73%
Mississippi
73%
Moscow
73%
Oslo
73%
Qatar
73%
Saint Kitts and Nevis
73%
San Marino
73%
South Sudan
73%
Suriname
73%
Swaziland
73%
Taiwan
73%
Tunis
73%
Vietnam
73%
Virginia
73%
Warsaw
73%
West Virginia
73%
Zimbabwe
73%
Algiers
72%
Athens
72%
Barbados
72%
Belize
72%
Bucharest
72%
Budapest
72%
Buenos Aires
72%
Cambodia
72%
Cape Verde
72%
Cyprus
72%
East Timor
72%
Equatorial Guinea
72%
Gabon
72%
Guinea-Bissau
72%
Havana
72%
Helsinki
72%
Iceland
72%
Kansas
72%
Kenya
72%
Kyiv
72%
Marshall Islands
72%
Rhode Island
72%
Singapore
72%
Somalia
72%
Stockholm
72%
Tallinn
72%
Trinidad and Tobago
72%
Tunisia
72%
United Arab Emirates
72%
Vanuatu
72%
Amman
71%
Ankara
71%
Bangkok
71%
Bern
71%
Brasilia
71%
Comoros
71%
Connecticut
71%
Gambia
71%
Kathmandu
71%
Kentucky
71%
Lebanon
71%
Lima
71%
Manila
71%
Nebraska
71%
New Delhi
71%
Oklahoma
71%
Port-au-Prince
71%
Prague
71%
Riga
71%
Saint Lucia
71%
Saint Vincent and the Grenadines
71%
Sao Tome
71%
São Tomé and Príncipe
71%
Seychelles
71%
Sofia
71%
Tennessee
71%
Tonga
71%
Uganda
71%
Vienna
71%
Zagreb
71%
Abu Dhabi
70%
Beirut
70%
Bratislava
70%
Chisinau
70%
Delaware
70%
Grenada
70%
Hanoi
70%
Islamabad
70%
Jerusalem
70%
Kabul
70%
Louisiana
70%
Malta
70%
Minsk
70%
Nauru
70%
Palau
70%
Pyongyang
70%
Sana'a
70%
Seoul
70%
Sierra Leone
70%
Wellington
70%
Accra
69%
Addis Ababa
69%
Astana
69%
Asuncion
69%
Baghdad
69%
Belgrade
69%
Bishkek
69%
Brussels
69%
Copenhagen
69%
Dakar
69%
Damascus
69%
Dhaka
69%
Dili
69%
Doha
69%
Dushanbe
69%
Kuala Lumpur
69%
Luanda
69%
Maryland
69%
Missouri
69%
Muscat
69%
Pennsylvania
69%
Port-of-Spain
69%
Pristina
69%
Reykjavik
69%
Riyadh
69%
Samoa
69%
Santiago
69%
Sarajevo
69%
Skopje
69%
Solomon Islands
69%
Tbilisi
69%
Tuvalu
69%
Ulaanbaatar
69%
Vaduz
69%
Vilnius
69%
Abuja
68%
Andorra la Vella
68%
Ashgabat
68%
Asmara
68%
Bandar Seri Begawan
68%
Bogota
68%
Bridgetown
68%
Caracas
68%
Georgetown
68%
Juba
68%
Ljubljana
68%
Male
68%
Managua
68%
Nassau
68%
Phnom Penh
68%
Podgorica
68%
Port Louis
68%
Quito
68%
Rabat
68%
Santo Domingo
68%
Suva
68%
Tashkent
68%
Tehran
68%
Vientiane
68%
Yerevan
68%
Atlanta
67%
Baku
67%
Brazzaville
67%
Freetown
67%
Khartoum
67%
Kigali
67%
Kingston
67%
Kingstown
67%
Lome
67%
Lusaka
67%
Montevideo
67%
Nicosia
67%
Port Moresby
67%
Port-Vila
67%
Sacramento
67%
San Salvador
67%
Taipei
67%
Tripoli
67%
Valletta
67%
Albany
66%
Apia
66%
Bamako
66%
Basseterre
66%
Columbus
66%
Denver
66%
Honolulu
66%
Juneau
66%
Manama
66%
Naypyidaw
66%
Niamey
66%
Ouagadougou
66%
Pretoria
66%
Saint George's
66%
Saint John's
66%
South Tarawa
66%
Sri Jayawardenepura Kotte
66%
Thimphu
66%
Tirana
66%
Antananarivo
65%
Banjul
65%
Bissau
65%
Boston
65%
Honiara
65%
Jackson
65%
Kampala
65%
Kinshasa
65%
Majuro
65%
Maseru
65%
Mogadishu
65%
Nairobi
65%
Nukuʻalofa
65%
Olympia
65%
Paramaribo
65%
Roseau
65%
San Jose
65%
Tallahassee
65%
Windhoek
65%
Yaren
65%
Austin
64%
Belmopan
64%
Bismarck
64%
Castries
64%
Cheyenne
64%
Dodoma
64%
Funafuti
64%
Harare
64%
La Paz
64%
Libreville
64%
Lilongwe
64%
Madison
64%
Maputo
64%
Montgomery
64%
Phoenix
64%
Porto-Novo
64%
Praia
64%
Tegucigalpa
64%
Victoria
64%
Yaounde
64%
Bangui
63%
Boise
63%
Cape Town
63%
Des Moines
63%
Gitega
63%
Lincoln
63%
Monrovia
63%
Montpelier
63%
Moroni
63%
N'Djamena
63%
Ngerulmud
63%
Palikir
63%
Salem
63%
Santa Fe
63%
Springfield
63%
Annapolis
62%
Augusta
62%
Dover
62%
Gaborone
62%
Harrisburg
62%
Helena
62%
Indianapolis
62%
Nashville
62%
Nouakchott
62%
Pierre
62%
Richmond
62%
Salt Lake City
62%
Trenton
62%
Yamoussoukro
62%
Baton Rouge
61%
Carson City
61%
Charleston
61%
Conakry
61%
Hartford
61%
Lansing
61%
Little Rock
61%
Mbabane
61%
Raleigh
61%
Saint Paul
61%
Concord
60%
Frankfort
60%
Jefferson City
60%
Providence
60%
Topeka
60%
Malabo
59%
Oklahoma City
59%
Sucre
59%
Bloemfontein
56%
Cotonou
52%
No matching quizzes found
Score Distribution
Percent of People with Each Score
Percentile by Number Answered
Your Score History
You have not taken this quiz